1151 1961 1762 1255 1756 1895 1029 1429 1675 1821 1809 1076 1474 1631 1262 1453 1310 1307 1315 1489 1592 1747 1488 1975 1360 1133 1576 1144 1645 1283 1449 1320 1150 1832 1191 1536 1704 1405 1460 1354 1174 1989 1698 1801 1909 1249 1820 1117 1197 1435 1269 1171 1255 1164 1956 1535 1006 1880 1657 1046 1764 1924 1865 1554 1990 1450 1961 1231 1197 1931 1916 1283 1990 1626 1844 1212 1969 1191 1177 1895 1734 1426 1966 1910 1052 1316 1306 1890 1763 1942 1189 1213 1290 1991 1149 1635 1230 1577 1718 BCNSPRNW ULIB Ver.6.0+V

เปลี่ยนเป็นภาษาไทย

Change to English
 แสดงรายละเอียดบรรณานุกรม
  กลับหน้าหลัก

Brief Record : Get Marc (ISO 2709) : E-mail record : QR code < ปิดหน้าต่าง
LEADER : 00000nam 2200000uu 4500
001    13399108457
003     ULIB
008    110201s2552||||th 000 0 tha d
020    9749245407
060 04 WY150^bร765ค 2552
099    เรณู อาจสาลี
245 10 คำศัพท์การพยาบาลผู้ใหญ่ /^cเรณู อาจสาลี
250    พิมพ์ครั้งที่ 4
260    กรุงเทพฯ :^bคณะพยาบาลศาสตร์ มหาวิทยาลัยมหิดล,^c2552
300    187 หน้า
650  7 การพยาบาลผู้ใหญ่^xคำศัพท์
710 2  มหาวิทยาลัยมหิดล^bคณะพยาบาลศาสตร์
945    ^p55^l0^i025195
945    ^p55^l0^i025193
945    ^p55^l0^i025194
995  เ ทศพร
999 ^a ใช้งานได้ทุกระบบ
รายการนี้ยังไม่มีแท็ก
คุณยังไม่ได้ล็อกอิน คุณสามารถมีกิจกรรมร่วมกับเว็บไซต์ได้ แต่ต้องล็อกอินก่อน ::
  ล็อกอิน

รายการสื่อสารสนเทศ

ลำดับที่ ประเภท เลขเรียก/บาร์โค้ด สถานที่ สถานะ
- ไม่พบข้อมูล -

BibComment


ยังไม่เคยถูกคอมเมนท์

คอมเมนท์ทรัพยากรรายการนี้
  คอมเมนท์: คำศัพท์การพยาบาลผ..


 Copyright 2026. Bcnsprnw @Library